000 00948cam a2200289 4500
008 090401t1987 xxu||||| |||| 00| 0 eng d
020 _a0854063366
035 _a(Sirsi) u44028
041 _aeng
050 _a333.0062
_c18
090 _aRICS 1987/8ABCDE
110 _aRoyal Institution of Chartered Surveyors
_94900
245 4 _aThe Rules of Conduct, Disciplinary Powers and Procedures
250 _aRev. ed.
260 _aLondon
_bSurveyors Publications
_c1987
300 _a33p.
_c21cm.
350 _a1.50
490 _aRICS Rules of Conduct
520 _aMarch 1987 edition incorporating amendments up to November 1986. Amendments to February 1988 have been inserted inside back cover.
650 _aPROFESSIONAL CONDUCT
650 _aRICS BYE-LAWS
650 _aRICS REGULATIONS
650 _aRICS RULES OF CONDUCT
690 _aMANAGEMENT-BUSINESS MANAGEMENT-PROFESSIONAL PRACTICE
942 _n0
948 _c04/03/1997
999 _c91424
_d91424